|
|
|
|
| LEADER |
00000cam a2200000 7i4500 |
| 001 |
0000007165 |
| 005 |
20040217093000.0 |
| 020 |
|
|
|a 035541634
|
| 090 |
0 |
0 |
|a JX1427.M2
|b M4 1990
|
| 245 |
0 |
4 |
|a The media and foreign policy
|c edited by Simon Serfaty
|
| 260 |
2 |
|
|a London :
|b MacMillan ,
|c 1990
|
| 300 |
|
|
|a xx, 249 p. ;
|c 23 cm.
|
| 650 |
|
0 |
|a Government and the press
|
| 650 |
|
0 |
|a Mass media
|z United States
|x Influence
|
| 651 |
|
0 |
|a United States
|x Foreign relations administration
|
| 700 |
0 |
|
|a Serfaty, Simon ,
|e author
|
| 999 |
|
|
|a 1000022029
|b Book
|c OPEN SHELF (30 DAYS)
|e Gong Badak Campus
|